[Event "AUT-chT2W 1314"]
[Site "Austria"]
[Date "2014.03.09"]
[Round "11.6"]
[White "Steinbacher, Thomas"]
[Black "Huber, Wolfgang"]
[Result "1-0"]
[WhiteElo "2116"]
[BlackElo "2049"]
[PlyCount "93"]
[EventDate "2013.10.18"]
[EventType "team-tourn"]
[EventRounds "11"]
[EventCountry "AUT"]
[SourceTitle "EXT 2015"]
[Source "ChessBase"]
[SourceDate "2014.11.20"]
[SourceVersion "1"]
[SourceVersionDate "2014.11.20"]
[SourceQuality "1"]
[WhiteTeam "Kufstein/Woergl"]
[BlackTeam "Bernhard II"]
[WhiteTeamCountry "AUT"]
[BlackTeamCountry "AUT"]

1. d4 Nf6 2. Nc3 d5 3. Bg5 c6 4. Qd2 Bf5 5. f3 Nbd7 6. 0-0-0 Qa5 7. e4 Bg6 8. e5 Ng8 9. e6 fxe6 10. Re1 Bf7 11. h4 h6 12. Bf4 g6 13. Bd3 Bg7 14. Be5 Bxe5 15. dxe5 d4 16. Nb1 Qxd2+ 17. Nxd2 h5 18. Nh3 Nh6 19. Ng5 Nf8 20. Nb3 Rd8 21. Na5 Rd7 22. Ne4 Rd5 23. Nxb7 Rxe5 24. b4 Nd7 25. f4 Rf5 26. g3 e5 27. Ng5 exf4 28. Nd6+ Kf8 29. Bxf5 gxf5 30. Ngxf7 Nxf7 31. Nxf5 fxg3 32. Nxe7 Nde5 33. Nf5 Nf3 34. Nxg3 Nxe1 35. Rxe1 Rg8 36. Nxh5 Rg4 37. Rh1 Ke7 38. Rh3 Nh6 39. Ng3 Ke6 40. Kd2 Kd5 41. Kd3 a5 42. Nh5 Kd6 43. Rg3 Rxh4 44. Rg6+ Ke5 45. Rxh6 Rh3+ 46. Kd2 axb4 47. Rxc6 1-0

[Event "AUT-chT2W 1314"]
[Site "Austria"]
[Date "2013.10.20"]
[Round "3.6"]
[White "Huber, Wolfgang"]
[Black "Loeffler, Christoph"]
[Result "0-1"]
[WhiteElo "2049"]
[BlackElo "2168"]
[PlyCount "114"]
[EventDate "2013.10.18"]
[EventType "team-tourn"]
[EventRounds "11"]
[EventCountry "AUT"]
[SourceTitle "EXT 2014"]
[Source "ChessBase"]
[SourceDate "2013.11.20"]
[SourceVersion "1"]
[SourceVersionDate "2013.11.20"]
[SourceQuality "1"]
[WhiteTeam "Bernhard II"]
[BlackTeam "ASK"]
[WhiteTeamCountry "AUT"]
[BlackTeamCountry "AUT"]

1. e4 d5 2. exd5 Nf6 3. c4 e6 4. dxe6 Bxe6 5. d4 Bb4+ 6. Bd2 Qe7 7. Bxb4 Qxb4+ 8. Qd2 Nc6 9. Qxb4 Nxb4 10. Na3 0-0-0 11. d5 Bf5 12. f3 Rhe8+ 13. Kf2 c6 14. g4 Bg6 15. h4 cxd5 16. h5 Bd3 17. g5 Nd7 18. Nb5 Nc5 19. cxd5 Rxd5 20. a3 Bxf1 21. Nxa7+ Kb8 22. axb4 Nb3 23. Ra3 Bc4 24. Rh4 Rd2+ 25. Kg3 Bd5 26. Nb5 Re1 27. Nh3 Rf1 28. Rf4 Rd3 29. Nf2 Rd2 30. Nc3 Rfxf2 31. Nxd5 Rg2+ 32. Kh4 Rd1 33. Kh3 Rxg5 34. Rg4 Rgxd5 35. Rxb3 Rxh5+ 36. Kg3 Rg1+ 37. Kf4 Rxg4+ 38. fxg4 Rb5 39. g5 Kc7 40. Rc3+ Kd6 41. Rc4 g6 42. Rd4+ Ke7 43. Rc4 Kf8 44. Kg4 Kg7 45. Rf4 Rb6 46. Kg3 f6 47. gxf6+ Rxf6 48. Rc4 h5 49. b5 Kh6 50. Rc7 Rb6 51. Rc5 Kg7 52. Kh4 Kf6 53. b4 Ke7 54. Kg5 Kd7 55. Re5 Re6 56. Rc5 Kd6 57. b6 Re5+ 0-1

[Event "AUT-chT2W 1314"]
[Site "Austria"]
[Date "2013.10.19"]
[Round "2.6"]
[White "Huber, David"]
[Black "Huber, Wolfgang"]
[Result "1/2-1/2"]
[WhiteElo "2126"]
[BlackElo "2049"]
[PlyCount "93"]
[EventDate "2013.10.18"]
[EventType "team-tourn"]
[EventRounds "11"]
[EventCountry "AUT"]
[SourceTitle "EXT 2014"]
[Source "ChessBase"]
[SourceDate "2013.11.20"]
[SourceVersion "1"]
[SourceVersionDate "2013.11.20"]
[SourceQuality "1"]
[WhiteTeam "Schwarzach"]
[BlackTeam "Bernhard II"]
[WhiteTeamCountry "AUT"]
[BlackTeamCountry "AUT"]

1. d4 Nf6 2. Nf3 e6 3. e3 d5 4. Bd3 c5 5. b3 Nc6 6. Bb2 Bd6 7. 0-0 0-0 8. a3 Qe7 9. Ne5 cxd4 10. exd4 Qc7 11. f4 Ne4 12. c4 f6 13. Nxc6 bxc6 14. g3 Bd7 15. Bxe4 dxe4 16. Nd2 f5 17. b4 Be7 18. Qb3 Bf6 19. Qe3 a5 20. Nb3 Rfb8 21. Bc3 axb4 22. axb4 Be7 23. Nc5 Bc8 24. g4 Bd6 25. Bd2 Qe7 26. g5 Bxc5 27. dxc5 Ba6 28. Qe2 Rd8 29. Be3 Rd3 30. b5 Bb7 31. Rxa8+ Bxa8 32. Ra1 Qb7 33. b6 Qc8 34. Ra7 Bb7 35. Kf2 e5 36. Kg2 exf4 37. Bxf4 Rd7 38. Qh5 Rf7 39. Qd1 Rd7 40. Bd6 Qe8 41. Qe2 Rf7 42. Bf4 Rd7 43. h4 h6 44. Kf2 Kh7 45. Bc7 Qc8 46. Qh5 Rd2+ 47. Ke1 1/2-1/2

[Event "AUT-chT2W 0910"]
[Site "Austria"]
[Date "2010.03.14"]
[Round "11.6"]
[White "Hofer, Emilian"]
[Black "Huber, Wolfgang"]
[Result "0-1"]
[WhiteElo "1746"]
[BlackElo "2042"]
[PlyCount "128"]
[EventDate "2009.10.23"]
[EventType "team-tourn"]
[EventRounds "11"]
[EventCountry "AUT"]
[SourceTitle "EXT 2011"]
[Source "ChessBase"]
[SourceDate "2010.11.26"]
[SourceVersion "1"]
[SourceVersionDate "2010.11.26"]
[SourceQuality "1"]
[WhiteTeam "Hohenems II"]
[BlackTeam "Salzburg Sued"]
[WhiteTeamCountry "AUT"]
[BlackTeamCountry "AUT"]

1. e4 c6 2. d4 d5 3. Nc3 dxe4 4. Nxe4 Bf5 5. Ng3 Bg6 6. Nf3 Nd7 7. h4 h6 8. h5 Bh7 9. Bd3 Bxd3 10. Qxd3 e6 11. Be3 Qa5+ 12. Bd2 Qc7 13. 0-0-0 Ngf6 14. Ne4 Nxe4 15. Qxe4 Bd6 16. Qg4 Rh7 17. Qe4 Nf6 18. Qd3 Rh8 19. Qb3 0-0-0 20. Qa4 Kb8 21. Kb1 Ka8 22. c4 c5 23. Be1 b6 24. Qc2 Rd7 25. Bc3 cxd4 26. Bxd4 e5 27. Be3 Rc8 28. Rc1 Bc5 29. Bxc5 Qxc5 30. Qe2 e4 31. Nd2 Qf5 32. Ka1 Rcd8 33. Rcd1 Qg4 34. f3 exf3 35. gxf3 Qd4 36. Rh2 Qf4 37. a3 Rd3 38. Qg2 Qd4 39. Ka2 Ne8 40. Qe2 Nf6 41. Qg2 Ne8 42. Qe2 Nc7 43. Rg2 Ne6 44. Rg4 Qd7 45. Qe4+ Qb7 46. Qe2 f5 47. Rh4 Qd7 48. Rh2 Nc5 49. Rg2 Qa4 50. Rxg7 Rxa3+ 51. bxa3 Qc2+ 52. Ka1 Nb3+ 53. Nxb3 Rxd1+ 54. Qxd1 Qxd1+ 55. Kb2 Qxf3 56. a4 Qe2+ 57. Ka3 Qxc4 58. Rh7 Qe6 59. a5 Qf6 60. a6 f4 61. Rd7 f3 62. Nd4 Qf8+ 63. Kb3 Qc8 64. Rg7 Qxa6 0-1

[Event "AUT-chT2W 0506"]
[Site "Austria"]
[Date "2005.12.04"]
[Round "5"]
[White "Bezler, Rainer"]
[Black "Huber, Wolfgang"]
[Result "0-1"]
[WhiteElo "2207"]
[BlackElo "2071"]
[PlyCount "126"]
[EventDate "2005.10.08"]
[EventType "team"]
[EventRounds "11"]
[EventCountry "AUT"]
[SourceTitle "EXT 2007"]
[Source "ChessBase"]
[SourceDate "2006.11.23"]
[SourceVersion "1"]
[SourceVersionDate "2006.11.23"]
[SourceQuality "1"]
[WhiteTeam "Lustenau"]
[BlackTeam "Inter Sbg Sued"]
[WhiteTeamCountry "AUT"]
[BlackTeamCountry "AUT"]

1. e4 c6 2. Nc3 d5 3. d4 dxe4 4. Nxe4 Bf5 5. Ng3 Bg6 6. N1e2 Nf6 7. Nf4 e5 8. Nxg6 hxg6 9. dxe5 Qa5+ 10. Bd2 Qxe5+ 11. Qe2 Qxe2+ 12. Bxe2 Bc5 13. 0-0 0-0 14. b4 Bd4 15. c3 Be5 16. f4 Bc7 17. c4 a6 18. Bf3 Nbd7 19. Rfe1 Rfe8 20. Kf1 Nb6 21. Rac1 Rad8 22. Rxe8+ Nxe8 23. Be3 f5 24. b5 axb5 25. cxb5 Nd5 26. Bxd5+ cxd5 27. b6 Bb8 28. Ne2 Nd6 29. Bd4 Nc4 30. Kf2 Bd6 31. g3 Ra8 32. Nc3 Nb2 33. Rb1 Nc4 34. Rb5 Ra5 35. Rxa5 Nxa5 36. Nxd5 Nc6 37. Ke3 Ba3 38. Kd3 Kf7 39. Bc3 Bc5 40. Be1 Ke6 41. Kc4 Bg1 42. h3 g5 43. Bd2 gxf4 44. gxf4 g5 45. Nc7+ Kd7 46. fxg5 Bxb6 47. Nd5 Bf2 48. Bc3 Kd6 49. g6 b5+ 50. Kxb5 Kxd5 51. g7 Ne7 52. a4 f4 53. a5 f3 54. a6 Ba7 55. Be1 f2 56. Bxf2 Bxf2 57. h4 Bc5 58. h5 Ng8 59. Ka4 Kc4 60. Ka5 Nh6 61. Ka4 Bb6 62. Ka3 Kb5 63. Kb3 Bd4 0-1

[Event "AUT-chT2W 0405"]
[Site "Austria"]
[Date "2005.01.23"]
[Round "8.6"]
[White "Mittelberger, Peter"]
[Black "Huber, Wolfgang"]
[Result "0-1"]
[WhiteElo "2257"]
[BlackElo "2071"]
[PlyCount "74"]
[EventDate "2004.10.16"]
[EventType "team-tourn"]
[EventRounds "11"]
[EventCountry "AUT"]
[SourceTitle "EXT 2005"]
[Source "ChessBase"]
[SourceDate "2004.11.15"]
[SourceVersion "1"]
[SourceVersionDate "2004.11.15"]
[SourceQuality "1"]
[WhiteTeam "Woergl"]
[BlackTeam "Salzburg Wuestenrot"]
[WhiteTeamCountry "AUT"]
[BlackTeamCountry "AUT"]

1. e4 c6 2. d4 d5 3. Nc3 dxe4 4. Nxe4 Bf5 5. Ng3 Bg6 6. Be2 Nf6 7. a4 e6 8. a5 Bb4+ 9. Bd2 Bxd2+ 10. Qxd2 0-0 11. Nf3 Nbd7 12. 0-0 Qc7 13. Rfd1 c5 14. c4 cxd4 15. Nxd4 a6 16. Qb4 Rab8 17. Qa3 Rfd8 18. b4 h5 19. c5 h4 20. Nf1 Nd5 21. Rac1 Nf4 22. Bf3 Ne5 23. Qe3 Nfd3 24. Rb1 Nc4 25. Nxe6 Nxe3 26. Nxc7 Nxd1 27. Rxd1 Nxb4 28. Rd6 Rxd6 29. cxd6 Rd8 30. Nd5 Nxd5 31. Bxd5 Rxd6 32. Bxb7 Bd3 33. Ne3 Bb5 34. Nd5 Kf8 35. h3 Bc6 36. Bxc6 Rxc6 37. Nb6 Ke8 0-1

[Event "AUT-chT2W 0304"]
[Site "Austria"]
[Date "2004.01.17"]
[Round "7"]
[White "Huber, Wolfgang"]
[Black "Schiestl, Josef"]
[Result "1/2-1/2"]
[WhiteElo "2086"]
[BlackElo "2155"]
[PlyCount "42"]
[EventDate "2003.10.18"]
[EventType "team-tourn"]
[EventRounds "11"]
[EventCountry "AUT"]
[SourceTitle "EXT 2005"]
[Source "ChessBase"]
[SourceDate "2004.11.15"]
[SourceVersion "1"]
[SourceVersionDate "2004.11.15"]
[SourceQuality "1"]
[WhiteTeam "Salzburg Wuestenrot"]
[BlackTeam "Zillertal/www.zulieferer.cc	"]
[WhiteTeamCountry "AUT"]
[BlackTeamCountry "AUT"]

1. e4 c5 2. c3 Nf6 3. e5 Nd5 4. g3 Nc6 5. Bg2 e6 6. Nf3 d6 7. exd6 Bxd6 8. d4 0-0 9. 0-0 cxd4 10. Nxd4 Nxd4 11. Qxd4 Qc7 12. Nd2 Rd8 13. Qc4 Bc5 14. Qe2 Bd7 15. Ne4 Be7 16. c4 Nb6 17. b3 Bc6 18. Bb2 Nd7 19. Qg4 g6 20. Qe2 a5 21. Rfd1 e5 1/2-1/2

[Event "Oberwart op"]
[Site "Oberwart"]
[Date "2000.??.??"]
[Round "5"]
[White "Huber, Wolfgang"]
[Black "Karner, Christoph"]
[Result "1/2-1/2"]
[WhiteElo "2109"]
[BlackElo "2234"]
[PlyCount "48"]
[EventDate "2000.??.??"]
[EventType "swiss"]
[EventRounds "9"]
[EventCountry "AUT"]
[SourceTitle "EXT 2001"]
[Source "ChessBase"]
[SourceDate "2000.11.22"]
[SourceVersion "1"]
[SourceVersionDate "2000.11.22"]
[SourceQuality "1"]

1. e4 c5 2. Nf3 d6 3. Nc3 Nf6 4. b3 e5 5. g3 Nc6 6. Bg2 g6 7. Bb2 Bg7 8. 0-0 0-0 9. d3 Rb8 10. a4 h6 11. h3 Be6 12. Kh2 d5 13. Nh4 d4 14. Ne2 Nh5 15. Bc1 Kh7 16. Bf3 Nf6 17. Bg2 Nh5 18. Bf3 Bf6 19. Bxh5 Bxh4 20. Bf3 Bg5 21. Ba3 Be7 22. Bg2 Bd6 23. Bc1 g5 24. g4 a6 1/2-1/2

[Event "Oberwart op"]
[Site "Oberwart"]
[Date "2000.??.??"]
[Round "2"]
[White "Stanec, Nikolaus"]
[Black "Huber, Wolfgang"]
[Result "1-0"]
[WhiteElo "2479"]
[BlackElo "2109"]
[PlyCount "57"]
[EventDate "2000.??.??"]
[EventType "swiss"]
[EventRounds "9"]
[EventCountry "AUT"]
[SourceTitle "EXT 2001"]
[Source "ChessBase"]
[SourceDate "2000.11.22"]
[SourceVersion "1"]
[SourceVersionDate "2000.11.22"]
[SourceQuality "1"]

1. c4 Nf6 2. Nc3 g6 3. e4 d6 4. d4 Bg7 5. Be2 0-0 6. Nf3 e5 7. 0-0 Nc6 8. d5 Ne7 9. Ne1 Nd7 10. Be3 f5 11. f3 f4 12. Bf2 g5 13. g4 fxg3 14. hxg3 Nf6 15. c5 Ng6 16. cxd6 cxd6 17. Ng2 Rf7 18. Ne3 Bh3 19. Re1 h5 20. Nf5 Bf8 21. Be3 Qd7 22. Bb5 Qc8 23. Bd3 Bxf5 24. exf5 Ne7 25. g4 hxg4 26. fxg4 Nexd5 27. Nxd5 Nxd5 28. Rc1 Rc7 29. Qb3 1-0

[Event "AUT-chT2M 0001"]
[Site "Austria"]
[Date "2000.??.??"]
[Round "1"]
[White "Vlasak, Reinhard"]
[Black "Huber, Wolfgang"]
[Result "1/2-1/2"]
[WhiteElo "2170"]
[BlackElo "2105"]
[PlyCount "80"]
[EventDate "2000.??.??"]
[EventType "team"]
[EventRounds "9"]
[EventCountry "AUT"]
[SourceTitle "EXT 2003"]
[Source "ChessBase"]
[SourceDate "2002.11.25"]
[SourceVersion "1"]
[SourceVersionDate "2002.11.25"]
[SourceQuality "1"]

1. e4 c6 2. d4 d5 3. exd5 cxd5 4. c4 Nf6 5. Nc3 e6 6. Nf3 Nc6 7. c5 Ne4 8. Bb5 Nxc3 9. bxc3 Bd7 10. 0-0 Qc7 11. Re1 Be7 12. Rb1 0-0 13. Qd3 b6 14. Ng5 Bxg5 15. Bxg5 f6 16. Bh4 bxc5 17. Bg3 c4 18. Bxc7 cxd3 19. Bxd3 Rfc8 20. Bd6 Na5 21. Bb5 Bxb5 22. Rxb5 Nc4 23. Bc5 Rab8 24. Reb1 Rxb5 25. Rxb5 Rc7 26. Rb8+ Kf7 27. Ra8 a5 28. Kf1 Rb7 29. Ra7 Rxa7 30. Bxa7 a4 31. Ke2 h5 32. Bb8 g5 33. g3 g4 34. f3 gxf3+ 35. Kxf3 Kg6 36. h3 Kf5 37. g4+ hxg4+ 38. hxg4+ Kg6 39. Bc7 Kg5 40. Bf4+ Kg6 1/2-1/2

[Event "AUT-chT2W 9697"]
[Site "Austria"]
[Date "1997.??.??"]
[Round "10"]
[White "Huber, Wolfgang"]
[Black "Schlosser, Philipp"]
[Result "0-1"]
[WhiteElo "2220"]
[BlackElo "2540"]
[PlyCount "122"]
[EventDate "1996.??.??"]
[EventType "team"]
[EventRounds "11"]
[EventCountry "AUT"]
[SourceTitle "EXT 1998"]
[Source "ChessBase"]
[SourceDate "1997.11.17"]
[SourceVersion "1"]
[SourceVersionDate "1997.11.17"]
[SourceQuality "1"]

1. e4 c5 2. c3 d5 3. exd5 Qxd5 4. d4 Nf6 5. Nf3 Nc6 6. Be2 cxd4 7. cxd4 e6 8. 0-0 Be7 9. Nc3 Qd6 10. Be3 0-0 11. Rc1 b6 12. Nb5 Qd7 13. Ne5 Nxe5 14. dxe5 Nd5 15. Nc7 Nxe3 16. fxe3 Rb8 17. Na6 Qxd1 18. Rfxd1 Bxa6 19. Bxa6 Bc5 20. Kf2 Rfd8 21. Ke2 g6 22. Rc3 Rxd1 23. Kxd1 Rd8+ 24. Ke2 Rd5 25. a3 Rxe5 26. b4 Be7 27. g3 Kg7 28. h4 g5 29. hxg5 Rxg5 30. e4 Bd6 31. Kf2 Kf6 32. Rf3+ Ke7 33. Kg2 Re5 34. Rf4 Rg5 35. Rf3 Rg8 36. Kh3 Rb8 37. Rc3 b5 38. Rd3 Rb6 39. Bc8 Kd8 40. Bxe6 fxe6 41. e5 Ke7 42. exd6+ Rxd6 43. Rc3 Kf6 44. Kg4 Rd4+ 45. Kh5 Rc4 46. Rf3+ Ke5 47. Kh6 Rc7 48. Rf1 Re7 49. g4 Kd4 50. Kg5 Rg7+ 51. Kf6 Rxg4 52. Kxe6 Kc4 53. Rf3 h5 54. Rh3 h4 55. Kf5 Rd4 56. Ke5 a6 57. Ke6 Rd3 58. Rxh4+ Kb3 59. Ke5 Kxa3 60. Rh6 Kxb4 61. Rxa6 Kb3 0-1

[Event "AUT-chT2W 9697"]
[Site "Austria"]
[Date "1997.??.??"]
[Round "9"]
[White "Novkovic, Milan"]
[Black "Huber, Wolfgang"]
[Result "1-0"]
[WhiteElo "2380"]
[BlackElo "2220"]
[PlyCount "49"]
[EventDate "1996.??.??"]
[EventType "team"]
[EventRounds "11"]
[EventCountry "AUT"]
[SourceTitle "EXT 1998"]
[Source "ChessBase"]
[SourceDate "1997.11.17"]
[SourceVersion "1"]
[SourceVersionDate "1997.11.17"]
[SourceQuality "1"]

1. Nf3 Nf6 2. c4 e6 3. g3 b6 4. Bg2 Bb7 5. 0-0 Be7 6. d4 0-0 7. Nc3 Ne4 8. Bd2 f5 9. d5 Nxd2 10. Qxd2 Bf6 11. Nd4 Bxd4 12. Qxd4 c6 13. Rfd1 Qf6 14. Qxf6 Rxf6 15. dxe6 Rxe6 16. Rd2 Kf8 17. Nb5 Na6 18. Nd6 Rxd6 19. Rxd6 Ke7 20. Rad1 Rd8 21. Bh3 Nb4 22. Bxf5 Nd5 23. Rxd7+ Rxd7 24. Bxd7 Kxd7 25. cxd5 1-0

[Event "AUT-ch"]
[Site "Austria"]
[Date "1996.??.??"]
[Round "9"]
[White "Detter, Peter"]
[Black "Huber, Wolfgang"]
[Result "0-1"]
[WhiteElo "2260"]
[BlackElo "2220"]
[PlyCount "26"]
[EventDate "1996.??.??"]
[EventType "swiss"]
[EventRounds "9"]
[EventCountry "AUT"]
[SourceTitle "EXT 1998"]
[Source "ChessBase"]
[SourceDate "1997.11.17"]
[SourceVersion "1"]
[SourceVersionDate "1997.11.17"]
[SourceQuality "1"]

1. d4 Nf6 2. Nf3 g6 3. Bg5 Bg7 4. Nbd2 d5 5. c3 0-0 6. e3 c6 7. Bd3 b6 8. Qe2 Bb7 9. 0-0 Nbd7 10. e4 dxe4 11. Nxe4 c5 12. Rad1 c4 13. Nxf6+ exf6 0-1

[Event "AUT-ch"]
[Site "Austria"]
[Date "1996.??.??"]
[Round "5"]
[White "Huber, Wolfgang"]
[Black "Halser, Walter"]
[Result "1/2-1/2"]
[WhiteElo "2220"]
[BlackElo "2175"]
[PlyCount "126"]
[EventDate "1996.??.??"]
[EventType "swiss"]
[EventRounds "9"]
[EventCountry "AUT"]
[SourceTitle "EXT 1998"]
[Source "ChessBase"]
[SourceDate "1997.11.17"]
[SourceVersion "1"]
[SourceVersionDate "1997.11.17"]
[SourceQuality "1"]

1. e4 e5 2. Nf3 Nc6 3. Nc3 Nf6 4. d4 exd4 5. Nxd4 Bb4 6. Nxc6 bxc6 7. Bd3 0-0 8. 0-0 d5 9. exd5 cxd5 10. Bg5 c6 11. Qf3 Rb8 12. h3 Bd6 13. Rab1 Be6 14. Ne2 h6 15. Bf4 c5 16. Bxd6 Qxd6 17. Bf5 Bxf5 18. Qxf5 Rfe8 19. Ng3 d4 20. b3 Re5 21. Qd3 Qe6 22. c3 dxc3 23. Qxc3 Re8 24. Qc4 Nd7 25. Qxe6 R8xe6 26. Rbd1 Nb6 27. f4 Rd5 28. Rxd5 Nxd5 29. Rc1 Nxf4 30. Rxc5 g6 31. Rc8+ Kg7 32. Ra8 a6 33. Kf2 h5 34. Kf3 Nd3 35. a3 Ne1+ 36. Kf2 h4 37. Ne2 Nd3+ 38. Kf3 Ne1+ 39. Kf2 Nc2 40. a4 Rf6+ 41. Kg1 Ne3 42. Re8 Rf1+ 43. Kh2 Nf5 44. g4 Nd6 45. Re3 f5 46. Kg2 Rb1 47. Re6 Ne4 48. gxf5 gxf5 49. Nd4 Rb2+ 50. Kg1 Rb1+ 51. Kg2 Rb2+ 52. Kg1 Ng3 53. Rxa6 Rd2 54. Nf3 Rd3 55. Nxh4 Rxb3 56. Kg2 f4 57. Ng6 Nh5 58. Nxf4 Nxf4+ 59. Kf2 Rxh3 60. Rb6 Ra3 61. a5 Rxa5 62. Kf3 Ng6 63. Ke4 Kf7 1/2-1/2

[Event "AUT-ch"]
[Site "Austria"]
[Date "1996.??.??"]
[Round "3"]
[White "Huber, Wolfgang"]
[Black "Nickl, Klaus"]
[Result "1/2-1/2"]
[WhiteElo "2220"]
[BlackElo "2170"]
[PlyCount "104"]
[EventDate "1996.??.??"]
[EventType "swiss"]
[EventRounds "9"]
[EventCountry "AUT"]
[SourceTitle "EXT 1998"]
[Source "ChessBase"]
[SourceDate "1997.11.17"]
[SourceVersion "1"]
[SourceVersionDate "1997.11.17"]
[SourceQuality "1"]

1. e4 e5 2. Nf3 Nc6 3. Nc3 Nf6 4. Bb5 Bb4 5. Nd5 Nxd5 6. exd5 Nd4 7. Nxd4 exd4 8. Qe2+ Qe7 9. Qxe7+ Bxe7 10. 0-0 0-0 11. Re1 Bf6 12. d3 a6 13. Ba4 b5 14. Bb3 Bb7 15. a4 d6 16. Bd2 h6 17. Ra2 Rae8 18. Rxe8 Rxe8 19. Kf1 Ra8 20. axb5 axb5 21. Rxa8+ Bxa8 22. Ba5 Bd8 23. c3 dxc3 24. bxc3 Kf8 25. c4 bxc4 26. dxc4 Ke7 27. Bc3 f6 28. Bc2 c6 29. Be4 cxd5 30. Bxd5 Bxd5 31. cxd5 Kf7 32. g4 g5 33. Ke2 Kg6 34. Kd3 f5 35. f3 h5 36. h3 hxg4 37. hxg4 Bf6 38. Bb4 Be5 39. Ba5 Bf6 40. Kc4 fxg4 41. fxg4 Kf7 42. Kb5 Ke7 43. Kc6 Be5 44. Kc7 Bf4 45. Bc3 Bg3 46. Kc8 Bf4 47. Bb4 Ke8 48. Ba5 Be3 49. Bd8 Bd2 50. Bf6 Kf7 51. Bh8 Ke7 52. Bb2 Bf4 1/2-1/2

[Event "AUT-ch"]
[Site "Austria"]
[Date "1996.??.??"]
[Round "1"]
[White "Huber, Wolfgang"]
[Black "Rolletschek, Heinrich"]
[Result "0-1"]
[WhiteElo "2220"]
[BlackElo "2325"]
[PlyCount "156"]
[EventDate "1996.??.??"]
[EventType "swiss"]
[EventRounds "9"]
[EventCountry "AUT"]
[SourceTitle "EXT 1998"]
[Source "ChessBase"]
[SourceDate "1997.11.17"]
[SourceVersion "1"]
[SourceVersionDate "1997.11.17"]
[SourceQuality "1"]

1. e4 e5 2. Nf3 Nc6 3. Bb5 a6 4. Bxc6 dxc6 5. 0-0 Bg4 6. d4 Bxf3 7. Qxf3 Qxd4 8. Rd1 Qc4 9. Bg5 f6 10. Be3 Bd6 11. b3 Qe6 12. Nd2 Ne7 13. c4 Ng6 14. c5 Be7 15. Nc4 0-0 16. Qf5 Qc8 17. Qxc8 Rfxc8 18. Na5 Rab8 19. Rd3 Kf7 20. Rad1 Nf8 21. b4 Ne6 22. a3 Rd8 23. Kf1 Rxd3 24. Rxd3 Nd8 25. Nc4 Ke6 26. g4 Nf7 27. f3 Rd8 28. Rxd8 Nxd8 29. Ke2 g6 30. Kd3 Kd7 31. h3 Nf7 32. Kc3 Bf8 33. Bf2 Bh6 34. Bh4 Bg5 35. Bg3 Ke6 36. Bf2 Nd8 37. Kc2 Kd7 38. Nb2 Ne6 39. Nd3 Nf4 40. Nxf4 Bxf4 41. Bh4 Ke6 42. Be1 Be3 43. Bd2 Bf2 44. Kb3 b6 45. Kc4 Kd7 46. Bc1 Kc8 47. Bd2 Kb7 48. Bc1 a5 49. Bd2 a4 50. Bc1 Kc8 51. Bd2 Kd7 52. Bc3 Be3 53. Bb2 Ke6 54. Kd3 Bg1 55. Kc4 f5 56. Bc3 Be3 57. Bb2 fxg4 58. fxg4 Kf6 59. Kd3 Bf4 60. Ke2 Kg5 61. Kf3 h5 62. gxh5 Kxh5 63. cxb6 cxb6 64. Kg2 g5 65. Kf2 Kh4 66. Kg2 b5 67. Bc3 Bc1 68. Bxe5 Bxa3 69. Bc3 Bc1 70. e5 Kh5 71. Kf3 a3 72. Ke2 Bb2 73. Kd3 Kg6 74. Bxb2 axb2 75. Kc2 Kf5 76. Kxb2 Kxe5 77. Kc3 Ke4 78. Kc2 Kd4 0-1

[Event "Oberwart op"]
[Site "Oberwart"]
[Date "1996.??.??"]
[Round "6"]
[White "Huber, Wolfgang"]
[Black "Ruck, Robert"]
[Result "0-1"]
[WhiteElo "2220"]
[BlackElo "2460"]
[PlyCount "40"]
[EventDate "1996.07.??"]
[EventType "swiss"]
[EventRounds "9"]
[EventCountry "AUT"]
[SourceTitle "CBM 053 Extra"]
[Source "ChessBase"]
[SourceDate "1996.09.01"]
[SourceVersion "1"]
[SourceVersionDate "1996.09.01"]
[SourceQuality "1"]

1. e4 c5 2. c3 Nf6 3. e5 Nd5 4. Nf3 e6 5. g3 d6 6. exd6 Bxd6 7. Bg2 Nc6 8. 0-0 0-0 9. d4 h6 10. Re1 Bd7 11. Nbd2 cxd4 12. cxd4 Rc8 13. Nc4 Qc7 14. Nxd6 Qxd6 15. a3 Rfd8 16. Ne5 Be8 17. Ng4 Nde7 18. Ne3 Nxd4 19. Bxb7 Bc6 20. Bxc6 Qxc6 0-1

[Event "AUT-chT 9697"]
[Site "Austria"]
[Date "1996.??.??"]
[Round "1"]
[White "Huber, Wolfgang"]
[Black "Wittmann, Walter"]
[Result "0-1"]
[WhiteElo "2220"]
[BlackElo "2370"]
[PlyCount "98"]
[EventDate "1996.??.??"]
[EventType "team"]
[EventRounds "11"]
[EventCountry "AUT"]
[SourceTitle "CBM 057 Extra"]
[Source "ChessBase"]
[SourceDate "1997.05.01"]
[SourceVersion "1"]
[SourceVersionDate "1997.05.01"]
[SourceQuality "1"]

1. e4 c5 2. c3 Nf6 3. e5 Nd5 4. Nf3 e6 5. Bc4 Nb6 6. Bb3 d5 7. d4 Nc6 8. 0-0 cxd4 9. cxd4 Be7 10. Nc3 Bd7 11. Bc2 a6 12. a3 Rc8 13. Qd3 h6 14. b3 Na7 15. Bd2 Na8 16. Rfc1 g6 17. Qe3 Nc7 18. Bd3 Ncb5 19. Nxb5 Rxc1+ 20. Rxc1 Bxb5 21. a4 Bxd3 22. Qxd3 Nc6 23. g3 Kf8 24. Kg2 Qb6 25. Rc2 Kg7 26. Rc1 Ba3 27. Rb1 Bb4 28. Bxb4 Qxb4 29. Rc1 Rc8 30. Rc5 Ne7 31. Rxc8 Nxc8 32. h4 Ne7 33. Qe3 Nf5 34. Qd3 h5 35. Kh2 Qa3 36. Qc3 b5 37. axb5 axb5 38. Qc7 Qb2 39. Kg1 Nxd4 40. Ng5 Qb1+ 41. Kg2 Qf5 42. b4 Ne2 43. f3 Nd4 44. Qd6 Nc2 45. Kf2 Na3 46. Qe7 Nc4 47. Qc7 Nxe5 48. Qc3 Qf6 49. Kg2 Nc4 0-1